[Event "Ýòàï Êóáêà Ðîññèè ïî øàõìàòàì ñðåäè æåíù"]
[Site "Naberezhnye Chelny"]
[Date "2017.08.09"]
[Round "8.15"]
[White "Òåðÿåâà, Âàëåðèÿ."]
[Black "Íèêîíîâà, Èðèíà."]
[Result "0-1"]
[WhiteElo "1771"]
[BlackElo "1839"]
[PlyCount "36"]
[EventDate "2017.08.02"]

1. e4 c5 2. c3 Nf6 3. e5 Nd5 4. d4 e6 5. Nf3 Nc6 6. Bc4 Nb6 7. Bb5 d5 8. exd6
Qxd6 9. Nbd2 cxd4 10. Nxd4 Qe5+ 11. Qe2 Qxe2+ 12. Kxe2 Bd7 13. N2f3 Nxd4+ 14.
Nxd4 O-O-O 15. Bf4 e5 16. Bxd7+ Rxd7 17. Bxe5 Re7 18. f4 f6 0-1

[Event "Ýòàï Êóáêà Ðîññèè ïî øàõìàòàì ñðåäè æåíù"]
[Site "Naberezhnye Chelny"]
[Date "2017.08.09"]
[Round "8.16"]
[White "Ñàìóñåíêî, Ðàìçèÿ."]
[Black "Íóðóëëèíà, Ðàëèíà."]
[Result "1-0"]
[WhiteElo "2228"]
[BlackElo "1080"]
[PlyCount "133"]
[EventDate "2017.08.02"]

1. e4 g6 2. d4 Bg7 3. Nc3 d6 4. f3 Nf6 5. Be3 O-O 6. Qd2 Nbd7 7. O-O-O b6 8.
Nge2 c5 9. d5 Ne5 10. Ng1 a6 11. g4 b5 12. Bh6 Qa5 13. Bxg7 Kxg7 14. h4 b4 15.
Nb1 Qxa2 16. h5 Nc4 17. Bxc4 Qxc4 18. hxg6 fxg6 19. Qh6+ Kf7 20. g5 Nd7 21.
Qxh7+ Ke8 22. Qxg6+ Kd8 23. Qg7 Re8 24. Rh8 Rxh8 25. Qxh8+ Kc7 26. Qh2 Bb7 27.
Qe2 Qxe2 28. Nxe2 Rg8 29. f4 e5 30. dxe6 Nb6 31. Nd2 Bc8 32. Nf3 Bxe6 33. f5
Bc8 34. Nf4 Bb7 35. Ne6+ Kc6 36. f6 Bc8 37. f7 Bxe6 38. fxg8=Q Bxg8 39. g6 Kd7
40. Rh1 Ke7 41. Rh7+ Kf8 42. Rb7 Nc4 43. b3 Ne5 44. Nxe5 dxe5 45. Rc7 c4 46.
bxc4 a5 47. Ra7 a4 48. Rxa4 Kg7 49. Rxb4 Kxg6 50. Rb6+ Kf7 51. c5 Ke7 52. Rg6
Bf7 53. Rd6 Be6 54. Kd2 Kf6 55. Kc3 Ke7 56. Rxe6+ Kxe6 57. Kb4 Kd7 58. Kb5 Kc7
59. c6 Kc8 60. Kc5 Kc7 61. Kd5 Kc8 62. Kxe5 Kc7 63. Kd5 Kc8 64. e5 Kc7 65. e6
Kd8 66. Kd6 Kc8 67. e7 1-0

[Event "Ýòàï Êóáêà Ðîññèè ïî øàõìàòàì ñðåäè æåíù"]
[Site "Naberezhnye Chelny"]
[Date "2017.08.09"]
[Round "8.17"]
[White "Ìàëüöåâà, Àëåêñàíäðà."]
[Black "Áóäêèíà, Êàðîëèíà."]
[Result "0-1"]
[WhiteElo "1145"]
[BlackElo "1380"]
[PlyCount "90"]
[EventDate "2017.08.02"]

1. e4 e5 2. Nf3 Nc6 3. Bb5 Bc5 4. Bxc6 dxc6 5. O-O Bd6 6. d4 Bg4 7. dxe5 Bxf3
8. Qxf3 Bxe5 9. Nc3 Nf6 10. Bg5 O-O 11. Rad1 Qe7 12. Qh3 Qc5 13. Be3 Qc4 14.
Bd2 Nxe4 15. Nxe4 Qxe4 16. c3 Bd6 17. Rfe1 Qc2 18. Qg4 Kh8 19. Rc1 Qxd2 20. Rb1
Rae8 21. Red1 Qe2 22. Qf5 Qe5 23. Qh3 Re6 24. g3 Rfe8 25. Kf1 Qe2+ 26. Kg1 Qf3
27. Rf1 Bc5 28. a3 Re2 29. Qg2 Qxg2+ 30. Kxg2 g6 31. h4 Rd2 32. h5 Kg7 33. hxg6
hxg6 34. Kh3 Rxf2 35. Rxf2 Bxf2 36. Kg2 Bc5 37. a4 Re2+ 38. Kf3 Re3+ 39. Kg4
Bd6 40. Rg1 Re4+ 41. Kf3 Rxa4 42. b4 Ra3 43. Rc1 Bxb4 44. Kg4 Rxc3 45. Rxc3
Bxc3 0-1

[Event "Ýòàï Êóáêà Ðîññèè ïî øàõìàòàì ñðåäè æåíù"]
[Site "Naberezhnye Chelny"]
[Date "2017.08.09"]
[Round "8.18"]
[White "Àëèøåâà, Àéãóëü."]
[Black "Øàêèðîâà, Êàðèíà."]
[Result "1-0"]
[WhiteElo "1199"]
[BlackElo "1172"]
[PlyCount "69"]
[EventDate "2017.08.02"]

1. e4 e5 2. Nf3 Nc6 3. Nc3 Nf6 4. d4 exd4 5. Nxd4 Bb4 6. Nxc6 dxc6 7. Qxd8+
Kxd8 8. Bd2 Re8 9. O-O-O Ke7 10. f3 Be6 11. Bd3 Kf8 12. Rhf1 b5 13. f4 a5 14.
a3 Be7 15. Ne2 c5 16. Bxb5 Reb8 17. f5 Rxb5 18. fxe6 Rab8 19. Bc3 Kg8 20. exf7+
Kxf7 21. e5 Ke6 22. exf6 Bxf6 23. Bxf6 gxf6 24. b3 a4 25. Nc3 R5b7 26. Nxa4 Rb5
27. Nb2 Ra5 28. a4 Ra6 29. Rfe1+ Kf5 30. Rd5+ Kg6 31. Rxc5 c6 32. h4 Rf8 33. g4
h6 34. Re7 Rb6 35. h5# 1-0

[Event "Ýòàï Êóáêà Ðîññèè ïî øàõìàòàì ñðåäè æåíù"]
[Site "Naberezhnye Chelny"]
[Date "2017.08.08"]
[Round "7.1"]
[White "Íå÷àåâà, Ìàðèíà."]
[Black "Áåëîâà, Îëüãà."]
[Result "1-0"]
[WhiteElo "2432"]
[BlackElo "2042"]
[PlyCount "119"]
[EventDate "2017.08.02"]

1. d4 Nf6 2. c4 e6 3. Nc3 Bb4 4. Nf3 b6 5. e3 Bb7 6. Bd3 O-O 7. O-O d5 8. cxd5
exd5 9. a3 Bd6 10. b4 a6 11. Qb3 Nbd7 12. a4 Qe7 13. Ba3 Rfb8 14. a5 Bc6 15.
axb6 Rxb6 16. Rfc1 Rab8 17. Na4 Bxa4 18. Qxa4 Nf8 19. h3 h6 20. Qc2 c6 21. Ne5
Bxe5 22. dxe5 Qxe5 23. Bb2 Qg5 24. Bc3 Ne6 25. Rxa6 Rxa6 26. Bxa6 d4 27. exd4
Nf4 28. g3 Nxh3+ 29. Kg2 Nf4+ 30. Kf1 N4d5 31. Bd3 Ng4 32. Qd2 Qh5 33. Be4 Re8
34. Bg2 Nh2+ 35. Kg1 Ng4 36. Re1 Qh2+ 37. Kf1 Rxe1+ 38. Qxe1 Ngf6 39. Bd2 Qh5
40. Qc1 Qg4 41. Qc4 Qf5 42. Qxc6 Qd3+ 43. Ke1 Qxd4 44. Qc5 Qe5+ 45. Kf1 Qa1+
46. Be1 Qd1 47. Qc8+ Kh7 48. Qc4 Nb6 49. Qxf7 Qd3+ 50. Kg1 Qe2 51. Bc3 Qd1+ 52.
Bf1 Nbd5 53. Bxf6 Nxf6 54. b5 Qd4 55. Qc4 Qd6 56. Bd3+ g6 57. Qf7+ Kh8 58. Qxg6
Qb6 59. Qxh6+ Kg8 60. Bc4+ 1-0

[Event "Ýòàï Êóáêà Ðîññèè ïî øàõìàòàì ñðåäè æåíù"]
[Site "Naberezhnye Chelny"]
[Date "2017.08.08"]
[Round "7.2"]
[White "Ìèðçîåâà, Ýëüìèðà."]
[Black "Àçèìîâà, Êàðèíà."]
[Result "1/2-1/2"]
[WhiteElo "2307"]
[BlackElo "2061"]
[PlyCount "133"]
[EventDate "2017.08.02"]

1. d4 Nf6 2. c4 d6 3. Nf3 g6 4. Nc3 Bf5 5. Qb3 b6 6. g3 Nc6 7. Bg2 Bg7 8. d5
Na5 9. Qd1 Ne4 10. Nxe4 Bxe4 11. O-O O-O 12. Nd2 Bxg2 13. Kxg2 c6 14. Rb1 cxd5
15. cxd5 Rc8 16. Nf3 Qc7 17. b4 Nc4 18. Nd4 Qb7 19. Nc6 b5 20. Bf4 Rfe8 21. e4
e6 22. Qd3 exd5 23. exd5 Ne5 24. Bxe5 Bxe5 25. Rbc1 a6 26. Rc2 Bf6 27. f4 Qd7
28. f5 g5 29. h3 h6 30. Rfc1 Kg7 31. a3 Kg8 32. Ra2 Qb7 33. a4 bxa4 34. Rxa4
Ra8 35. Rc2 Qb6 36. Re2 Rxe2+ 37. Qxe2 Kf8 38. Ra3 Kg7 39. Ra5 Kf8 40. Qd3 Qb7
41. Qa3 Bd8 42. Qc3 Kg8 43. Ra3 Qb5 44. Qd3 Qxd3 45. Rxd3 Bb6 46. Ra3 Kg7 47.
Ra2 Kf6 48. g4 h5 49. Kf3 hxg4+ 50. hxg4 Kg7 51. Rh2 Re8 52. f6+ Kxf6 53. Rh6+
Kg7 54. Rxd6 Re3+ 55. Kg2 Re4 56. Kf3 Re3+ 57. Kg2 Re4 58. Rd7 Rxg4+ 59. Kh3
Re4 60. Rb7 Bd4 61. d6 Bf6 62. d7 Re3+ 63. Kg4 Rd3 64. Kf5 Rd5+ 65. Ke4 Rd1 66.
Kf5 Rd5+ 67. Ke4 1/2-1/2

[Event "Ýòàï Êóáêà Ðîññèè ïî øàõìàòàì ñðåäè æåíù"]
[Site "Naberezhnye Chelny"]
[Date "2017.08.08"]
[Round "7.3"]
[White "Ñåìåíîâà, Åëåíà."]
[Black "Âàñèëåâè÷, Òàòüÿíà."]
[Result "1/2-1/2"]
[WhiteElo "2275"]
[BlackElo "2380"]
[PlyCount "114"]
[EventDate "2017.08.02"]

1. e4 c5 2. Nf3 e6 3. c3 d5 4. e5 Nc6 5. d4 Qb6 6. a3 Nh6 7. b4 cxd4 8. Bxh6
gxh6 9. cxd4 Bd7 10. Be2 Rc8 11. O-O Bg7 12. b5 Na5 13. a4 O-O 14. Nbd2 Rc3 15.
Qb1 f5 16. exf6 Bxf6 17. Ne5 Be8 18. Qb4 Rc7 19. Ndf3 Bh5 20. Rac1 Bxe5 21.
dxe5 Bxf3 22. Bxf3 Nc4 23. Bg4 a5 24. Qc3 Rg7 25. Qh3 Rg6 26. Bh5 Rg5 27. Kh1
Nd2 28. f4 Rg7 29. Bg4 Nxf1 30. Bxe6+ Kh8 31. Rxf1 Re7 32. Bxd5 Qd4 33. Qxh6
Rg7 34. Qd6 Rc8 35. e6 Qxa4 36. f5 Qxb5 37. Rg1 Qd3 38. f6 Rxg2 39. Rxg2 Rc1+
40. Rg1 Rxg1+ 41. Kxg1 Qe3+ 42. Kf1 Qd3+ 43. Kg2 Qe2+ 44. Kg3 Qd3+ 45. Kh4 Qd4+
46. Kg5 Qd2+ 47. Kf5 Qd3+ 48. Ke5 Qc3+ 49. Kf5 Qd3+ 50. Kg4 Qd1+ 51. Kh3 Qh5+
52. Kg2 Qe2+ 53. Kh3 Qh5+ 54. Kg3 Qg6+ 55. Kf3 Qd3+ 56. Kf2 Qd2+ 57. Kf3 Qd3+
1/2-1/2

[Event "Ýòàï Êóáêà Ðîññèè ïî øàõìàòàì ñðåäè æåíù"]
[Site "Naberezhnye Chelny"]
[Date "2017.08.08"]
[Round "7.4"]
[White "×àðî÷êèíà, Äàðüÿ."]
[Black "Øàôèãóëëèíà, Çàðèíà."]
[Result "1-0"]
[WhiteElo "2344"]
[BlackElo "2086"]
[PlyCount "57"]
[EventDate "2017.08.02"]

1. d4 Nf6 2. c4 e6 3. Nc3 Bb4 4. Qc2 c5 5. dxc5 O-O 6. a3 Bxc5 7. Nf3 Nc6 8.
Bg5 Nd4 9. Nxd4 Bxd4 10. e3 Be5 11. Bd3 h6 12. Bh4 a6 13. f4 Bd6 14. g4 Qb6 15.
Qe2 Nxg4 16. Qxg4 Qxe3+ 17. Ne2 f5 18. Qg3 Bxf4 19. Qxf4 Qxd3 20. Rg1 Kh7 21.
Rd1 Qb3 22. Qd4 Rg8 23. Rd3 Qc2 24. Rdg3 g6 25. Qf6 g5 26. Bxg5 Rg6 27. Qxg6+
Kxg6 28. Bh4+ Kh5 29. Nf4+ 1-0

[Event "Ýòàï Êóáêà Ðîññèè ïî øàõìàòàì ñðåäè æåíù"]
[Site "Naberezhnye Chelny"]
[Date "2017.08.08"]
[Round "7.5"]
[White "Õëè÷êîâà, Òàòüÿíà."]
[Black "Ñìèðíîâà, Åêàòåðèíà."]
[Result "1-0"]
[WhiteElo "2285"]
[BlackElo "2141"]
[PlyCount "69"]
[EventDate "2017.08.02"]

1. d4 d5 2. c4 c6 3. cxd5 cxd5 4. Bg5 h6 5. Bh4 Nc6 6. Nc3 Bf5 7. e3 Qb6 8. Qd2
e6 9. f3 Be7 10. Bf2 Nf6 11. e4 Bg6 12. Bd3 O-O 13. e5 Nd7 14. Bxg6 fxg6 15.
Nge2 Rac8 16. O-O Na5 17. h4 g5 18. hxg5 Bxg5 19. f4 Nc4 20. Qc1 Be7 21. b3 Na3
22. Qd1 Nb5 23. Na4 Qa5 24. Qd3 Na3 25. Qg6 Qa6 26. Ng3 Rf7 27. f5 Nf8 28. Qg4
exf5 29. Nxf5 Rc7 30. Bg3 Rc2 31. e6 Qxe6 32. Rae1 Qd7 33. Nxh6+ Kh7 34. Rxf7
Qxg4 35. Nxg4 1-0

[Event "Ýòàï Êóáêà Ðîññèè ïî øàõìàòàì ñðåäè æåíù"]
[Site "Naberezhnye Chelny"]
[Date "2017.08.08"]
[Round "7.6"]
[White "Õàðìóíîâà, Íàäåæäà."]
[Black "Ëûñåíêî, Ìàðãàðèòà."]
[Result "1-0"]
[WhiteElo "2162"]
[BlackElo "2126"]
[PlyCount "85"]
[EventDate "2017.08.02"]

1. d4 d5 2. c4 c6 3. Nf3 Nf6 4. g3 e6 5. Bg2 Bd6 6. b3 O-O 7. O-O b6 8. Nbd2
Bb7 9. Re1 c5 10. Bb2 Nbd7 11. Rc1 Rc8 12. cxd5 exd5 13. Nh4 Re8 14. Nc4 Bf8
15. Nf5 Qc7 16. Nce3 g6 17. Nh4 Bh6 18. Rc3 Ne4 19. Rd3 c4 20. bxc4 dxc4 21.
Ra3 c3 22. Bc1 Bf8 23. Rxa7 Qb8 24. Ra4 Ndf6 25. Qd3 Rcd8 26. Qb5 Nd5 27. Nxd5
Bxd5 28. Ra6 Re6 29. Nf3 Qc7 30. Ng5 Ree8 31. Rxb6 Bg7 32. Bf4 Qe7 33. Nxe4
Bxe4 34. Bg5 f6 35. Be3 Bxg2 36. Kxg2 Kh8 37. Rc1 f5 38. Rxc3 Bxd4 39. Bxd4+
Rxd4 40. Re3 Re4 41. Rb7 Qe6 42. Qb2+ Kg8 43. Qg7# 1-0

[Event "Ýòàï Êóáêà Ðîññèè ïî øàõìàòàì ñðåäè æåíù"]
[Site "Naberezhnye Chelny"]
[Date "2017.08.08"]
[Round "7.7"]
[White "Ìàêàðåíêî, Àëåêñàíäðà."]
[Black "Ãóòêîâè÷, Ïîëèíà."]
[Result "1-0"]
[WhiteElo "2243"]
[BlackElo "1885"]
[PlyCount "77"]
[EventDate "2017.08.02"]

1. e4 c5 2. Nf3 e6 3. d4 cxd4 4. Nxd4 Nf6 5. Bd3 Nc6 6. Nxc6 dxc6 7. Bf4 Nd7 8.
e5 Qa5+ 9. Qd2 Bb4 10. c3 Be7 11. Qe2 Qc7 12. Nd2 b6 13. Nc4 Nc5 14. Bc2 Ba6
15. O-O b5 16. Nd6+ Bxd6 17. exd6 Qd7 18. b4 Nb7 19. a4 Nd8 20. axb5 Bb7 21.
bxc6 Bxc6 22. c4 Qb7 23. Qg4 f5 24. Qg3 O-O 25. b5 Be8 26. Bd1 Rc8 27. Bf3 Qb6
28. Be3 f4 29. Bxb6 fxg3 30. Bxd8 gxh2+ 31. Kxh2 Rxd8 32. Rfd1 Rf4 33. Rac1 e5
34. Bc6 Bh5 35. f3 Kf8 36. c5 Rb4 37. Be4 Rxb5 38. c6 Be8 39. c7 1-0

[Event "Ýòàï Êóáêà Ðîññèè ïî øàõìàòàì ñðåäè æåíù"]
[Site "Naberezhnye Chelny"]
[Date "2017.08.08"]
[Round "7.8"]
[White "Øàéäóëëèíà, Ñàíäóãà÷."]
[Black "Çèííàòóëëèíà, Àäåëÿ."]
[Result "1/2-1/2"]
[WhiteElo "2252"]
[BlackElo "1985"]
[PlyCount "194"]
[EventDate "2017.08.02"]

1. d4 Nf6 2. c4 e6 3. g3 d5 4. Bg2 Be7 5. Nf3 O-O 6. O-O dxc4 7. Qc2 a6 8. a4
Bd7 9. Ne5 Bc6 10. Nxc6 Nxc6 11. e3 Nd5 12. Qxc4 Na5 13. Qc2 Nb4 14. Qd1 c5 15.
Nc3 cxd4 16. exd4 Nac6 17. d5 exd5 18. Nxd5 Nxd5 19. Bxd5 Bf6 20. Ra3 Qc7 21.
Bf4 Be5 22. Bxe5 Qxe5 23. Re1 Qxb2 24. Rb3 Qf6 25. Rxb7 Rad8 26. Rb6 Qf5 27.
Rxc6 Rxd5 28. Qe2 a5 29. Rc7 g6 30. Re7 Qf6 31. Qe3 Kg7 32. Re4 h5 33. Rf4 Qb2
34. Qf3 Qd2 35. Qe4 Rfd8 36. Kg2 R8d7 37. Qb1 Qc3 38. Rc1 Qe5 39. Re1 Qc3 40.
Rf3 Rd3 41. Rf4 Qc6+ 42. Kg1 Qc3 43. Rfe4 Rd2 44. Qb8 Rd1 45. Qe8 Qa1 46. Kg2
Qf6 47. Rxd1 Rxd1 48. Qb5 Rd2 49. Qc5 Rd3 50. Rf4 Qc3 51. Rc4 Qf6 52. Rf4 Qc3
53. Qb6 Rd7 54. h4 Rc7 55. Rf3 Qe5 56. Qb3 Rd7 57. Qc4 Rc7 58. Qd3 Rb7 59. Qc4
Rd7 60. Kh2 Qa1 61. Kg2 Qe5 62. Kh2 Qa1 63. Rf4 Qb2 64. Qc5 Qd2 65. Qc6 Rd6 66.
Qc7 Rd7 67. Qb8 Qd6 68. Qb2+ f6 69. Qc3 Qe5 70. Qf3 Re7 71. Rc4 Qe2 72. Qf4 Qe5
73. Qc1 Qe1 74. Qf4 Qe5 75. Qd2 Qe2 76. Qxe2 Rxe2 77. Kg2 Re5 78. Rc7+ Kf8 79.
Kf3 Kg8 80. Rb7 Kf8 81. Ra7 Kg8 82. Kf4 Kf8 83. f3 Kg8 84. Rc7 Kf8 85. g4 hxg4
86. fxg4 g5+ 87. hxg5 Rxg5 88. Rh7 Rc5 89. Ra7 Rg5 90. Rc7 Re5 91. Rh7 Rc5 92.
Ra7 Rg5 93. Kf3 Re5 94. Rc7 Rg5 95. Rh7 f5 96. gxf5 Rxf5+ 97. Ke4 Rg5 1/2-1/2

[Event "Ýòàï Êóáêà Ðîññèè ïî øàõìàòàì ñðåäè æåíù"]
[Site "Naberezhnye Chelny"]
[Date "2017.08.08"]
[Round "7.9"]
[White "Êîçèíà, Àíàñòàñèÿ."]
[Black "Ëûñåíêî, Îëåñÿ."]
[Result "1-0"]
[WhiteElo "2132"]
[BlackElo "1658"]
[PlyCount "43"]
[EventDate "2017.08.02"]

1. e4 e5 2. Nf3 Nc6 3. Bb5 a6 4. Ba4 Nf6 5. O-O b5 6. Bb3 Be7 7. d4 exd4 8. e5
Ne4 9. Bd5 Nc5 10. Nxd4 Bb7 11. Nf5 O-O 12. Qg4 g6 13. Re1 Ne6 14. Bh6 Re8 15.
Nxe7+ Qxe7 16. Nd2 Rab8 17. c3 Ng7 18. Nf3 d6 19. Bxg7 Kxg7 20. e6 f6 21. Bxc6
Bxc6 22. Nd4 1-0

[Event "Ýòàï Êóáêà Ðîññèè ïî øàõìàòàì ñðåäè æåíù"]
[Site "Naberezhnye Chelny"]
[Date "2017.08.08"]
[Round "7.10"]
[White "×åêìàðåâà, Ëèÿ."]
[Black "Ñîñíèíà, Íàäåæäà."]
[Result "1/2-1/2"]
[WhiteElo "2092"]
[BlackElo "1687"]
[PlyCount "110"]
[EventDate "2017.08.02"]

1. d4 Nf6 2. c4 d6 3. Nc3 e5 4. e4 exd4 5. Qxd4 Nc6 6. Qd2 g6 7. Nf3 Bg7 8. Be2
O-O 9. O-O Re8 10. Qc2 Bd7 11. Re1 a5 12. Bf4 Nb4 13. Qb1 Bc6 14. Bf1 a4 15. a3
Na6 16. Nd5 Nc5 17. Nd2 Bd7 18. Bg5 h6 19. Nxf6+ Bxf6 20. Be3 Bg7 21. Qc2 Qf6
22. Rab1 Bc6 23. f3 Ne6 24. Bf2 Nf4 25. c5 dxc5 26. Qxc5 Rad8 27. Qc2 Nh3+ 28.
gxh3 Qg5+ 29. Bg2 Rxd2 30. Qc1 Red8 31. h4 Qh5 32. Be3 R2d3 33. Bf4 Qxh4 34.
Bxc7 Rd2 35. Bg3 Qh5 36. b3 axb3 37. Rxb3 R8d7 38. Bf4 R2d4 39. Bg3 Be5 40.
Bxe5 Qxe5 41. Qxh6 Rd1 42. Rb1 Qd4+ 43. Kh1 Qa4 44. h4 Rxe1+ 45. Rxe1 Qxa3 46.
h5 Qa5 47. Rg1 Rd6 48. Bh3 Qc3 49. hxg6 fxg6 50. Rxg6+ Rxg6 51. Qxg6+ Qg7 52.
Be6+ Kf8 53. Qxg7+ Kxg7 54. Kg2 Kf6 55. Ba2 Ke5 1/2-1/2

[Event "Ýòàï Êóáêà Ðîññèè ïî øàõìàòàì ñðåäè æåíù"]
[Site "Naberezhnye Chelny"]
[Date "2017.08.08"]
[Round "7.11"]
[White "Ãàåð, Ìàðãàðèòà."]
[Black "Ïîãîðåëüñêèõ, Ñîôüÿ."]
[Result "0-1"]
[WhiteElo "1521"]
[BlackElo "2028"]
[PlyCount "85"]
[EventDate "2017.08.02"]

1. e4 c5 2. Nf3 d6 3. d4 cxd4 4. Qxd4 Nf6 5. c4 Nc6 6. Qd3 g6 7. Nc3 Bg7 8. Be2
O-O 9. O-O Bg4 10. Nd4 Nxd4 11. Qxd4 Bxe2 12. Nxe2 Nd7 13. Qe3 Qc7 14. Qb3 Nb6
15. Nc3 Qxc4 16. Qc2 Rac8 17. Bd2 d5 18. exd5 Nxd5 19. Rac1 Nxc3 20. Bxc3 Bxc3
21. Qxc3 Qxc3 22. Rxc3 Rxc3 23. bxc3 Rd8 24. g3 Rd2 25. Rb1 b6 26. a4 Rc2 27.
a5 bxa5 28. Ra1 Rxc3 29. Rxa5 Rc7 30. Kg2 f6 31. f4 Kf7 32. Kf3 Ke6 33. Ke4 Kd6
34. g4 Kc6 35. g5 Kb6 36. Rd5 Rc4+ 37. Kf3 Rc3+ 38. Ke4 f5+ 39. Kd4 Rf3 40. Re5
Rxf4+ 41. Kd5 Re4 42. Rxe4 fxe4 43. Kxe4 0-1

[Event "Ýòàï Êóáêà Ðîññèè ïî øàõìàòàì ñðåäè æåíù"]
[Site "Naberezhnye Chelny"]
[Date "2017.08.08"]
[Round "7.12"]
[White "Ñîñíèíà, Åêàòåðèíà."]
[Black "Ñòðîãàíîâà, Êàðèíà."]
[Result "1-0"]
[WhiteElo "1732"]
[BlackElo "1625"]
[PlyCount "53"]
[EventDate "2017.08.02"]

1. e4 g6 2. d4 Bg7 3. Nc3 d6 4. h4 h5 5. Nf3 a6 6. Bc4 e6 7. Ng5 b5 8. Bb3 Nh6
9. a4 b4 10. Ne2 a5 11. f3 O-O 12. Nf4 Qf6 13. Be3 c5 14. Ne2 Nc6 15. Nh7 Qe7
16. Nxf8 Kxf8 17. Qd2 Ng8 18. Rd1 Ba6 19. dxc5 dxc5 20. Qd6 Qxd6 21. Rxd6 c4
22. Bxc4 Bxc4 23. Rxc6 Ba6 24. Kf2 Bxb2 25. Rd1 Ba3 26. Bb6 Bb7 27. Rc7 1-0

[Event "Ýòàï Êóáêà Ðîññèè ïî øàõìàòàì ñðåäè æåíù"]
[Site "Naberezhnye Chelny"]
[Date "2017.08.08"]
[Round "7.13"]
[White "Ôàéðóçîâà, Çóëüôèÿ."]
[Black "Òåðÿåâà, Âàëåðèÿ."]
[Result "1/2-1/2"]
[WhiteElo "1707"]
[BlackElo "1771"]
[PlyCount "114"]
[EventDate "2017.08.02"]

1. d4 f5 2. f4 Nf6 3. Nf3 g6 4. e3 Bg7 5. Bd3 d6 6. O-O O-O 7. Nbd2 c6 8. Kh1
h6 9. e4 fxe4 10. Nxe4 Nd5 11. Bc4 Be6 12. Bxd5 Bxd5 13. Qd3 Nd7 14. Be3 Qc7
15. Ng3 Rf6 16. Bd2 Bf7 17. Rae1 Re8 18. f5 e5 19. fxe6 Rfxe6 20. Rxe6 Rxe6 21.
Re1 Rxe1+ 22. Bxe1 Nf6 23. a3 Qe7 24. Bd2 Qe6 25. Kg1 Qa2 26. Bc3 Nd5 27. Ne4
Nxc3 28. Qxc3 Qd5 29. Qe3 g5 30. h3 Bg6 31. Nc3 Qf7 32. Qe2 Bh5 33. g4 Bg6 34.
Kg2 Qf6 35. Qf2 Qf4 36. Ne2 Qe4 37. c3 Qb1 38. Ng3 a5 39. Qe2 Bd3 40. Qf2 a4
41. Ne1 Bc4 42. Nf5 Bd5+ 43. Nf3 Bf8 44. Ne3 Bf7 45. Nf5 Bg6 46. Ne3 Qe4 47.
Kg1 b5 48. Nf1 c5 49. Ng3 Qb1+ 50. Kg2 Bc2 51. Ne1 Bb3 52. Nh5 Bd5+ 53. Kg1 Be7
54. Ng3 cxd4 55. cxd4 Bf6 56. Qxf6 Qxe1+ 57. Nf1 Bc4 1/2-1/2

[Event "Ýòàï Êóáêà Ðîññèè ïî øàõìàòàì ñðåäè æåíù"]
[Site "Naberezhnye Chelny"]
[Date "2017.08.08"]
[Round "7.14"]
[White "Ìàãèçîâà, ßíà."]
[Black "Ñàìóñåíêî, Ðàìçèÿ."]
[Result "1-0"]
[WhiteElo "1556"]
[BlackElo "2228"]
[PlyCount "99"]
[EventDate "2017.08.02"]

1. e4 d6 2. c4 g6 3. Nc3 Bg7 4. g3 c5 5. Bg2 Nc6 6. d3 e6 7. Nge2 Nge7 8. Be3
Nd4 9. Rb1 Nec6 10. a3 a5 11. f4 Qb6 12. Bxd4 Nxd4 13. Nxd4 Bxd4 14. Nb5 Bg7
15. O-O O-O 16. g4 f5 17. exf5 gxf5 18. g5 Bd7 19. Qe2 Rae8 20. Nc3 Bc6 21.
Bxc6 Qxc6 22. Nb5 e5 23. Qh5 e4 24. dxe4 Qxe4 25. Rbd1 Qe2 26. Qxe2 Rxe2 27. b3
Re3 28. Rxd6 Rxb3 29. Rd7 Re8 30. Rxb7 Bd4+ 31. Kh1 Re2 32. Nxd4 Rxb7 33. Nxe2
Rb3 34. Ra1 Kf7 35. Kg2 Rb2 36. Kf2 Rc2 37. Rc1 Ra2 38. Rc3 h6 39. h4 hxg5 40.
hxg5 Kg6 41. Kf3 a4 42. Ng3 Rb2 43. Ke3 Rg2 44. Ne2 Rh2 45. Kf3 Rh3+ 46. Kg2
Rh8 47. Rd3 Rb8 48. Rd6+ Kg7 49. Ra6 Rb2 50. Kf2 1-0

[Event "Ýòàï Êóáêà Ðîññèè ïî øàõìàòàì ñðåäè æåíù"]
[Site "Naberezhnye Chelny"]
[Date "2017.08.08"]
[Round "7.15"]
[White "Íèêîíîâà, Èðèíà."]
[Black "Àëèøåâà, Àéãóëü."]
[Result "1-0"]
[WhiteElo "1839"]
[BlackElo "1199"]
[PlyCount "105"]
[EventDate "2017.08.02"]

1. e4 e5 2. Bc4 Nf6 3. d3 c6 4. Nd2 d5 5. Bb3 Bd6 6. Ngf3 O-O 7. h3 Nbd7 8. c3
Nc5 9. Bc2 Bc7 10. O-O b6 11. Re1 Bb7 12. b4 Ncd7 13. Nf1 c5 14. a3 Bc6 15. Ng3
a5 16. Rb1 axb4 17. axb4 Re8 18. Bg5 Ra3 19. b5 Bb7 20. Bb3 Qa8 21. Qc2 Qa5 22.
Bc1 Ra1 23. Rxa1 Qxa1 24. Ba2 Ra8 25. Ba3 Qxe1+ 26. Nxe1 Rxa3 27. Nf3 h6 28.
Nh4 Ra5 29. Kh2 Nf8 30. f3 Ne6 31. Nhf5 Kf8 32. Ne2 Rxb5 33. Ne3 d4 34. Ng4
Nxg4+ 35. hxg4 Ra5 36. Bxe6 fxe6 37. g3 b5 38. cxd4 b4 39. dxc5 Rb5 40. Qb3 Ke7
41. Nc3 Rxc5 42. Qxb4 Bd6 43. Qxb7+ Rc7 44. Qb3 g6 45. Nb5 Rb7 46. Qc4 Bb8 47.
Qc6 Rd7 48. Qc8 Bd6 49. Nxd6 Rxd6 50. Qc7+ Rd7 51. Qxe5 Rxd3 52. f4 Rd7 53.
Qg7+ 1-0

[Event "Ýòàï Êóáêà Ðîññèè ïî øàõìàòàì ñðåäè æåíù"]
[Site "Naberezhnye Chelny"]
[Date "2017.08.08"]
[Round "7.16"]
[White "Íóðóëëèíà, Ðàëèíà."]
[Black "ßêèìîâà, Ìàðèÿ."]
[Result "0-1"]
[WhiteElo "1080"]
[BlackElo "1772"]
[PlyCount "36"]
[EventDate "2017.08.02"]

1. e4 c5 2. Nf3 d6 3. d4 cxd4 4. Qxd4 Nc6 5. Bb5 e5 6. Qd3 a6 7. Bxc6+ bxc6 8.
Nc3 Be7 9. Be3 h6 10. b4 Nf6 11. Na4 Rb8 12. c3 Qc7 13. Nh4 O-O 14. O-O Nxe4
15. Qxe4 d5 16. Bb6 Rxb6 17. Nxb6 dxe4 18. g3 Qxb6 0-1

[Event "Ýòàï Êóáêà Ðîññèè ïî øàõìàòàì ñðåäè æåíù"]
[Site "Naberezhnye Chelny"]
[Date "2017.08.08"]
[Round "7.17"]
[White "Àõòûðñêàÿ, Àíàñòàñèÿ."]
[Black "Ìàëüöåâà, Àëåêñàíäðà."]
[Result "1-0"]
[WhiteElo "1468"]
[BlackElo "1145"]
[PlyCount "37"]
[EventDate "2017.08.02"]

1. e4 e5 2. Nc3 Nf6 3. f4 Bb4 4. fxe5 Bxc3 5. exf6 Bxf6 6. d4 O-O 7. Nf3 Nc6 8.
e5 Re8 9. Be2 Bh4+ 10. g3 Be7 11. O-O d6 12. Bf4 dxe5 13. Bxe5 Bh3 14. Rf2 Nxe5
15. Nxe5 f6 16. Bc4+ Kf8 17. Qh5 g6 18. Qxh7 Be6 19. Qh8+ 1-0

[Event "Ýòàï Êóáêà Ðîññèè ïî øàõìàòàì ñðåäè æåíù"]
[Site "Naberezhnye Chelny"]
[Date "2017.08.08"]
[Round "7.18"]
[White "Øàêèðîâà, Êàðèíà."]
[Black "Áóäêèíà, Êàðîëèíà."]
[Result "0-1"]
[WhiteElo "1172"]
[BlackElo "1380"]
[PlyCount "44"]
[EventDate "2017.08.02"]

1. e4 e5 2. Nf3 Nc6 3. Bb5 Bc5 4. O-O d6 5. d3 Nf6 6. Be3 Bb6 7. Nc3 Bg4 8. Bg5
h6 9. Bh4 g5 10. Bg3 Qe7 11. a3 O-O-O 12. Bxc6 bxc6 13. b4 Bd4 14. Qd2 Bxf3 15.
gxf3 h5 16. h3 Rdg8 17. Rab1 g4 18. fxg4 hxg4 19. hxg4 Nxg4 20. b5 Nxf2 21. Kg2
Qh4 22. bxc6 Qxg3# 0-1